000 00386nam a22001697a 4500
003 OSt
008 231230b |||||||| |||| 00| 0 eng d
020 _a9780198082873
082 _a005.43 CHP
100 _aCHAUHAN,Naresh
245 _aPrinciples of Operating Systems
250 _a1st Ed
260 _a New Delhi
_bOxford
_c-
300 _a669
650 _aBCA
942 _2ddc
_cBK
999 _c12132
_d12132